Phase transitions of simple systems
Сохранить в:
| Главные авторы: | , |
|---|---|
| Формат: | |
| Язык: | английский |
| Опубликовано: |
Berlín
Springer
2008
|
| Редактирование: | 1a. ed |
| Серии: | Springer Series on Atomic, Optical, and Plasma Physics, 42
|
| Предметы: | |
| Метки: |
Добавить метку
Нет меток, Требуется 1-ая метка записи!
|
MARC
| LEADER | 00000nam a2200000 a 4500 | ||
|---|---|---|---|
| 001 | UCH7837 | ||
| 003 | CL-VaPUC | ||
| 008 | 091126e20080000GW |||||||||||||||||eng|d | ||
| 020 | |a 9783540715139 | ||
| 082 | 0 | 4 | |a 530.414 |b SMI |2 21 |
| 100 | 0 | |a Smirnov, Boris Mikhailovic |e author |9 544203 | |
| 700 | 0 | |a Berry, R. Stephen |e author |9 544204 | |
| 245 | 1 | 0 | |a Phase transitions of simple systems |
| 250 | |a 1a. ed | ||
| 300 | |a 245 p | ||
| 942 | |c BK | ||
| 945 | |d 20091126 00:00:00 |a cmena | ||
| 260 | |a Berlín |b Springer |c 2008 | ||
| 650 | 7 | |a TRANSFORMACIONES DE FASE |2 CL-VaPUC |9 544205 | |
| 650 | 7 | |a ESTADISTICA FISICA |2 CL-VaPUC |9 391891 | |
| 650 | 0 | |a Teoría cuántica |9 266148 | |
| 650 | 0 | |a Termodinámica |9 259320 | |
| 583 | |a last modification |c 20091126 00:00:00 |k Rodrigo Vera | ||
| 490 | 0 | |a Springer Series on Atomic, Optical, and Plasma Physics, 42 | |
| 999 | |c 338185 |d 338183 | ||
| 952 | |0 0 |1 0 |4 0 |6 530_414000000000000_SMI_2008 |7 0 |8 A |9 431049 |a BIBCUR |b BIBCUR |d 2019-11-22 |i 4622219 |o 530.414 SMI 2008 |p 4622219 |r 2025-04-22 |w 2019-11-22 |y BK |k DCF | ||